Vliv metalurgických podmínek na výrobu DN-ocelí v kyslíkovém konvertoru /

Další autoři: Mandl, Miroslav
Jazyk: Čeština
Vydáno: Praha : Výzkumný ústav hutnictví železa, 1967
Edice: Zprávy Výzkumného ústavu hutnictví železa
Fyzický popis: 48 s.
Knihy
Uloženo v:
LEADER 00830nam a2200217 a 4500
001 000661789
003 CZ BrMZK
005 20030318122418.0
008 030316s1967 xr f cze d
040 |a BOA001  |b cze  |c BOA001 
080 |a 669.14.018.583  |2 MRF 
245 0 0 |a Vliv metalurgických podmínek na výrobu DN-ocelí v kyslíkovém konvertoru /  |c M. Mandl ... [et al.] 
260 |a Praha :  |b Výzkumný ústav hutnictví železa,  |c 1967 
300 |a 48 s. 
490 1 |a Zprávy Výzkumného ústavu hutnictví železa ;  |v č. 5/1967 
504 |a Bibliografie na s. 46-48 
700 1 |a Mandl, Miroslav  |7 xx0059069  |4 aut 
830 0 |a Zprávy Výzkumného ústavu hutnictví železa 
910 |a BOA001  |b TK-A-0144.613 
990 |a BK 
996 6 |b BC-82004  |c TK-A-0144.613  |l MZK  |r Sklad / do 24 hodin  |n 0  |w 000661789  |u 000010  |a 1  |e BOA001  |j MZK50  |s P